ՀՀ Գիտությունների ազգային ակադեմիայի հիմնարար գիտական գրադարան  =   Fundamental Scientific Library of NAS RA

Методика редактирования : (Record no. 344487)

MARC details
000 -LEADER
fixed length control field 01117nam a2200229 a 4500
001 - CONTROL NUMBER
control field 001058793
003 - CONTROL NUMBER IDENTIFIER
control field AM-YeHGA
005 - DATE AND TIME OF LATEST TRANSACTION
control field 20250617151108.0
008 - FIXED-LENGTH DATA ELEMENTS--GENERAL INFORMATION
fixed length control field 150211s ||| r 000 0 rus d
040 ## - CATALOGING SOURCE
Original cataloging agency AM-YeHGA
041 0# - LANGUAGE CODE
Language code of text/sound track or separate title rus
090 ## - LOCALLY ASSIGNED LC-TYPE CALL NUMBER (OCLC); LOCAL CALL NUMBER (RLIN)
-- 346285
100 1# - MAIN ENTRY--PERSONAL NAME
Personal name Алексеева, Марина Ивановна
245 10 - TITLE STATEMENT
Title Методика редактирования :
Remainder of title Учебно-методическое пособие для студентов-заочников факультетов журналистики /
Statement of responsibility, etc. М.И. Алексеева, Н.С. Гаранина, К.М. Накорякова; Под ред. А.В. Западова.
260 ## - PUBLICATION, DISTRIBUTION, ETC.
Place of publication, distribution, etc. Москва :
Name of publisher, distributor, etc. МГУ ,.
300 ## - PHYSICAL DESCRIPTION
Extent выпуск.
505 0# - FORMATTED CONTENTS NOTE
Miscellaneous information Вып. 1 (1975, 86 с.)
-- Вып. 2 (1976, 104 с.)
653 0# - INDEX TERM--UNCONTROLLED
Uncontrolled term Журналистика - Редакционно-издательское дело
700 1# - ADDED ENTRY--PERSONAL NAME
Personal name Гаранина, Наталия Сергеевна
700 1# - ADDED ENTRY--PERSONAL NAME
Personal name Накорякова, Ксения Михайловна
700 1# - ADDED ENTRY--PERSONAL NAME
Personal name Западов, Александр Васильевич
Relator term ред.
Relationship edt
Holdings
Withdrawn status Lost status Source of classification or shelving scheme Damaged status Not for loan Collection Home library Current library Date acquired Total checkouts Full call number Barcode Date last seen Price effective from Koha item type Public note Serial enumeration / chronology
    Universal Decimal Classification     General Fundamental Scientific Library Fundamental Scientific Library 09/01/2017   PII/360999 FL0320913 09/01/2017 09/01/2017 Գրքեր / Books 30 Days Loan  
    Universal Decimal Classification     General Fundamental Scientific Library Fundamental Scientific Library 09/01/2017   PII/378444 FL0353248 09/01/2017 09/01/2017 Գրքեր / Books 30 Days Loan Вып. 2


ՀՀ ԳԱԱ հիմնարար գիտական գրադարան
ՀՀ,Երևան 0019
Մարշալ Բաղրամյան 24/6
հեռախոս:(374-10) 52-47-50
Հետադարձ կապ

All site content, except where otherwise noted, is licensed under a
Creative Commons License